Olympique de Marseille scorers in Ligue 1 2015-2016 - Statistics

General Stats
  • This quiz has been taken 291 times
    266 since last reset
  • The average score is 8 of 16
Answer Stats
Player Goals % Correct
Florian Thauvin 2
88%
Michy Batshuayi 17
79%
Rémy Cabella 5
67%
Lassana Diarra 1
63%
Romain Alessandrini 5
61%
Georges-Kévin Nkoudou 5
52%
Lucas Ocampos 1
52%
Abdelaziz Barrada 1
51%
Steven Fletcher 2
49%
Benjamin Mendy 1
47%
Karim Rekik 1
45%
Rolando 1
44%
Bouna Sarr 2
34%
Mauricio Isla 2
33%
Alaixys Romao 1
32%
Antoine Rabillard 1
21%
No matching quizzes found
Score Distribution
Percent of People with Each Score
Percentile by Number Answered
Your Score History
You have not taken this quiz since the last reset